| 000 | 00896 a2200373 4500 | ||
|---|---|---|---|
| 260 | _aparis | ||
| 630 | _a91 - Geographie. Exploration de la terre, des diverses regions, des divers pays. Voyages. Geographie regionale | ||
| 650 | _a9 - GEOGRAPHIE ET HISTOIRE | ||
| 100 | _aMadiot, Yves | ||
| 260 | _bMasson | ||
| 245 | _aL'Aménagement du territoire | ||
| 300 | _a231 p. | ||
| 650 | _aAménagement du territoire | ||
| 650 | _aUrbanisation | ||
| 650 | _aEurope | ||
| 260 | _c1979 | ||
| 300 | _b24 cm | ||
| 100 | _lFr | ||
| 440 | _aCollection droit-sciences économiques | ||
| 037 | _aDE2085 | ||
| 037 | _aL4779 | ||
| 037 | _aL4778 | ||
| 037 | _aL4782 | ||
| 037 | _aL4783 | ||
| 037 | _aL4781 | ||
| 037 | _aL4784 | ||
| 037 | _aDE2086 | ||
| 037 | _aDE2087 | ||
| 037 | _aP20744 | ||
| 440 | _x0335-8690 | ||
| 020 | _a2-225-63646-X | ||
| 999 |
_c35351 _d35351 |
||